000 00722nam a2200253 i 4500
001 bgj
100 1 _aCAMPBELL, Colin
245 1 0 _aMatrix :
_bpre-intermediate : plus : teacher's book /
_cColin Campbell [et al.].
260 _aOxford :
_bOxford University Press,
_c2005.
300 _a63 pp :
_bill. ;
_c30 cm.
490 1 _aNew Matura
650 9 _aEnglish language
655 _aTextbooks for foreigners
700 1 _aRODGER, Shona.
_eco-author
700 1 _aGUDE, Kathy.
_eco-author
700 1 _aDUCKWORTH, Michael.
_eco-author
830 _aNew Matura
020 _a0194630064
040 _cBPK
041 0 _aeng
920 _a0-19-463006-4
942 _cKS
008 s uk f |000 0 eng
999 _c48990
_d48990